000 00968nam a2200253 4500
001 14520
003 ES-MaACL
005 20230906150830.0
007 t|
008 000000s19850000sp a ||||0| spa d
016 7 _zIBH8505924241
020 _a84-505-1774-5
040 _aIBH
_bspa
_cM-BN-DP
080 _a75 Giordano, Luca. Alegoría del Toisón de oro
080 _a75.052:727.7(464.1M.)Casón del Buen Retiro
100 1 _aLópez Torrijos, Rosa.
_974003
245 1 0 _aLucas Jordán en el Casón del Buen Retiro
_b: la alegoría del Toisón de Oro /
_cpor Rosa López Torrijos.
260 _a[Madrid] :
_bMinisterio de Cultura, Subdirección General de Museos,
_c[1985]
300 _a80 p. :
_bil. col. y n. ;
_c24 cm.
600 1 4 _aGiordano, Luca (
_d1634-1705).
_tAlegoría del Toisón de oro.
_957162
610 2 _aCasón del Buen Retiro.
_92490
710 1 _aEspaña.
_bSubdirección General de Museos.
_93997
852 _aES-MaACL
_jL-21817
_bR.123384
999 _c14520
_d14520